Normal view MARC view
  • Filosofía china

Entry Materia

Number of records used in: 4

001 - NÚMERO DE CONTROL DEL REGISTRO

  • campo de control: 13903

003 - IDENTIFICADOR DE NUMERO DE CONTROL

  • campo de control: MX-MxUPN

005 - FECHA Y HORA DE LA ÚLTIMA TRANSACCIÓN

  • campo de control: 20230831115423.0

008 - DATOS DE LONGITUD FIJA

  • campo de control de longitud fija: 230831 a anznnbabn n ana |d

035 ## - NÚMERO DE CONTROL DEL SISTEMA

  • Número de control del sistema: UPN10000013911

040 ## - FUENTE DE LA CATALOGACIÓN

  • Lengua de catalogación: spa
  • Centro catalogador de origen: MX-MxUPN

150 ## - ENCABEZAMIENTO - TEMÁTICO

  • Término de materia o nombre geográfico como elemento inicial: Filosofía china

670 ## - FUENTE EN LA QUE SE LOCALIZARON DATOS

  • Cita de la fuente: Escamilla González, G. Lista de encabezamientos de materia, 1978:
  • Información localizada: (Filosofía china)

902 ## - CATALOGADOR

  • Catalogador: BEC/060596
  • Catalogador: VíctorGodínez/310823